000 00437nam a2200193Ia 4500
005 20250423100652.0
008 250422s9999 xx 000 0 und d
020 _a0070494886
050 _aQA 76.73 .C153 .R38/
100 _aRavichandran, D.
245 0 _aProgram with C++
250 _a2nd ed.
260 _aNew Delhi
260 _bTata McGraw Hill
260 _c1996
300 _a685 p
650 _aComputer
942 _cBK
999 _c34001
_d34001